| 000 | 00795nam a2200241 i 4500 | ||
|---|---|---|---|
| 001 | 177578 | ||
| 003 | ES-MaACL | ||
| 005 | 20240201212432.0 | ||
| 008 | 110404s2010 sp |||| | spa d | ||
| 080 | _a821.134.2-2"19" | ||
| 100 | 1 |
_aSignes Mengual, Miguel. _9145955 |
|
| 245 | 1 | 3 |
_aLa obscuridad del ocre / _cMiguel Signes Mengual. Candela Guzmán, La Candela / Ignacio Amestoy. |
| 250 | _a1ª ed. | ||
| 260 |
_aMadrid : _bPrimer Acto, _c2010. |
||
| 300 |
_a151 p. ; _c20 cm. |
||
| 490 | 1 |
_aEl teatro de papel ; _v11 |
|
| 650 | 4 |
_aTeatro español- _yS.XX. _917356 |
|
| 700 | 1 |
_aAmestoy Eguiguren, Ignacio, _d1947- _921210 |
|
| 740 | 0 | 2 | _aCandela Guzmán, La Candela. |
| 830 | 0 |
_aEl teatro de papel ; _v11 _9189238 |
|
| 852 |
_aES-MaACL _jE-14785 |
||
| 999 |
_c177578 _d177578 |
||